Poissons de fiction en images - Statistiques

Statistiques générales
  • Ce quiz a été pris 524 fois
  • Le résultat moyen est 5 sur 20
Statistiques - réponses
Par images Réponse % Correct
Nemo
99%
Polochon
76%
Poissirene
55%
Ponyo
45%
Maurice
41%
Arc-en-ciel
39%
Cheep Cheep
22%
Cleo
18%
Poiscaille
16%
Oscar
15%
Madame Puff
12%
Jeppy
8%
Klaus Heisler
6%
Nounou
4%
Béa
2%
Blinky
2%
Fugu
2%
Wanda
2%
Mr Fish
1%
Poiscom
1%
Aucun quiz correspondant
Distribution des résultats
% des personnes avec chaque résultat
Percentile par nombre de réponses
Votre historique - résultats
Vous n’avez pas pris ce quiz